000 00603nam a22001937a 4500
999 _c177249
_d177249
005 20210216110149.0
010 _aENG-128990
020 _c425.00
_a978-81-938193-5-7
035 _aEN-112522
037 _bDBAD/PUB
082 _as
100 _aMaupassant, Guy de
245 _aSelected Stories/
_cGuy de Maupassant
260 _aDelhi
_bUniversal Press
_c2021
270 _bDelhi
_aB-109, 3rd Floor, Preet Vihar
_e110092
_muniversalpressdel@gmail.com
300 _a208p.
_c22cm(hbk)
500 _aCompiler and Editor: Saurabh Kaushik Cover Design By: Surendra Goswami
942 _2ddc
_cEN
_hS
_mMAU